000
00329nam a22001457a 4500
003
SGT
082
_a
617.632
_b
T21V
100
_a
Verma, Priyanka
245
_a
Total TMJ Replacement
260
_a
Gurugram, Haryana
_b
SGT University
_c
2021
300
_a
119
650
_a
Oral Surgery
653
_a
Oral Surgery
942
_2
ddc
_c
TH
999
_c
23610
_d
23610